| 000 | 00613nam a22002177a 4500 | ||
|---|---|---|---|
| 005 | 20230412133413.0 | ||
| 008 | 230404b |||||||| |||| 00| 0 eng d | ||
| 040 |
_aCBULib _cCBULib |
||
| 041 | _aeng | ||
| 050 | _aDS 113.8.Z33 Alb | ||
| 100 | _aAlbert, Shea | ||
| 245 |
_aThe gateway Jewish museum project _c/ by Shea Albert and David Saks |
||
| 260 |
_aLusaka : _bCouncil for Zambia Jewry, _c2018 |
||
| 300 | _a68 pages : illustrations | ||
| 600 |
_2Title page _aALBERT, SHEA |
||
| 600 |
_2Title page _aSAKS, DAVID |
||
| 650 | _aJEWS--ZAMBIA | ||
| 650 | _aJEWS | ||
| 700 | _aSaks, David | ||
| 942 | _c002 | ||
| 999 |
_c75616 _d75616 |
||